000 00760nam a2200229Ia 4500
003 OSt
005 20220925215408.0
006 a|||||r|||| 00| 0
007 ta
008 220923b |||||||| |||| 00| 0 eng d
037 _cGeneral Book
040 _aRTL
_cRTL
_beng
041 _2eng
_aeng
082 _aX:5:(Y492).2.M39, A9/GD
110 _aGreat Britain, Slavery and the Slave Trade in The East Indies
_9282740
245 0 _aReturns of all copies or abstracts of correspondence between the Directors.
260 _aLondon
_bHMSO
_c1839
650 _aTrade
700 _aGreat Britain, Slavery and the Slave Trade in The East Indies
_9282741
942 _hX:5:(Y492).2.M39, A9/GD
_cGB
_2CC
999 _c568686
_d568686